书目信息 |
| 题名: |
战神皇后:步兵与步战
|
|
| 作者: | 黄甫生 编著 | |
| 分册: | ||
| 出版信息: | 武汉 长江文艺出版社 1998.11 |
|
| 页数: | 303页 | |
| 开本: | 32开 | |
| 丛书名: | ||
| 单 册: | ||
| 中图分类: | E151-49 | |
| 科图分类: | ||
| 主题词: | 武装力量--世界 , 军种--世界 , 兵种--世界 | |
| 电子资源: | ||
| ISBN: | 7-5354-1738-8 | |
| 000 | 00639nam0 2200217 45 | |
| 001 | 1009042332 | |
| 005 | 20100904233910.3 | |
| 010 | @a7-5354-1738-8@d13.00元 | |
| 100 | @a20100904d1998 km y0chiy0120 ea | |
| 101 | 0 | @achi |
| 105 | @a z 000yy | |
| 200 | 1 | @a战神皇后:步兵与步战@AZhan Shen Huang Hou:Bu Bing Yu Bu Zhan@f黄甫生等编著@FHuang Fu Sheng Deng Bian Zhu |
| 210 | @a武汉@c长江文艺出版社@d1998.11 | |
| 215 | @a303页@d32开 | |
| 606 | 0 | @a武装力量@x世界 |
| 606 | 0 | @a军种@x世界 |
| 606 | 0 | @a兵种@x世界 |
| 690 | @aE151-49@v3 | |
| 701 | 0 | @a黄甫生@4编著 |
| 801 | @aCN@bPftUser@c20100904 | |
| 905 | @b120636-640@dE151-49@eH.477@f5 | |
| 战神皇后:步兵与步战/黄甫生等编著.-武汉:长江文艺出版社,1998.11 |
| 303页;32开 |
| ISBN 7-5354-1738-8:13.00元 |
| ● |
| 相关链接 |
|
|
|
正题名:战神皇后:步兵与步战
索取号:E151-49/H.477
 
预约/预借
| 序号 | 登录号 | 条形码 | 馆藏地/架位号 | 状态 | 备注 |
| 1 | 120636 | 201206364 | 社科库509/422社科库 51排5列2层/ [索取号:E151-49/H.477] | 在馆 | |
| 2 | 120637 | 201206373 | 社科库509/509社科库 114排1列1层/ [索取号:E151-49/H.477] | 在馆 | |
| 3 | 120638 | 201206382 | 社科库509/509社科库 114排1列1层/ [索取号:E151-49/H.477] | 在馆 | |
| 4 | 120639 | 201206391 | 社科库509/509社科库 114排1列1层/ [索取号:E151-49/H.477] | 在馆 | |
| 5 | 120640 | 201206408 | 社科库509/509社科库 114排1列1层/ [索取号:E151-49/H.477] | 在馆 |